000 00528nam a2200193Ia 4500
003 OSt
005 20251218123149.0
008 220923b |||||||| |||| 00| 0 ben d
037 _cTB
040 _aARTS
_cARTS
_bben
041 _2ben
_aben
084 _aO157,1M61:g(P:75) M7
_qAL
100 _aMahapatra
_9857780
245 0 _aRabindra kobita o chitrakalpa
260 _c1987
650 _aBENGALI LITERATURE
_9857781
942 _hO157,1M61:g(P75) M7
_cTB
_2CC
_n0
999 _c442000
_d442000